000 01079nac a22002891i 4500
003 EG-ScBUE
005 20250113105455.0
008 110530s1990 maua f b 001 0 eng d
020 _a0201626748
020 _a9780201626742
040 _aEG-ScBUE
_beng
_erda
_cEG-ScBUE
_dEG-ScBUE
082 0 4 _a523.1
_bKOL
_222
100 1 _aKolb, Edward W.,
_eauthor.
_924433
245 1 4 _aThe early universe /
_cEdward W. Kolb, Fermi National Accelerator Laboratory and The University of Chicago, Michael Turner, Fermi National Accelerator Laboratory and The University of Chicago.
264 1 _aReading, Mass. :
_bAddison-Wesley,
_c1990.
300 _axxii, 547 pages :
_billustrations ;
_c25 cm.
336 _2rdacontent
_atext
_btxt
337 _aunmediated
_2rdamedia
_bn
338 _avolume
_bnc
_2rdacarrier
490 0 _aFrontiers in physics
504 _aIncludes bibliographical references and index.
650 7 _aCosmology.
_2BUEsh
_924435
653 _cMay2011
655 _vReading book
700 1 _aTurner, Michael Stanley,
_eauthor.
_924436
942 _cBB
_2ddc
999 _c2700
_d2700